00633cam a22002051 45000010008000000030004000080050017000120080041000290100017000700350019000870400018001060500016001240820017001401000039001572450044001962600051002403000062002915040032003536510042003857946800OSt20230704091147.0770211s1958 nz achb b 000 0 eng  a 58040191  a(OCoLC)2735135 aDLCcViUdDLC00aJQ5811b.M3 a342.931bMCI1 aMcLintock, A. H.q(Alexander Hare)10aCrown colony government in New Zealand. aWellington,bR. E. Owen, Govt. printer,c1958. axix, 475 p.billus., ports., facsims., fold. map.c25 cm. aBibliography: p. [434]-458. 0aNew ZealandxPolitics and government.